LEADER 01305nam0 22003131i 450 001 UON00496810 005 20231205105356.554 010 $a978-90-04-21754-6 100 $a20190723d2012 |0itac50 ba 101 $aeng 102 $aNL 105 $a|||| ||||| 200 1 $aˆThe ‰rise of Mah?sena$ethe transformation of Skanda-Karttikeya in North India from the Ku???a to Gupta empires$fby Richard D. Mann 210 $aLeiden$cBrill$d2012 215 $ax, 250 p.$cill.$d25 cm 410 1$1001UON00425849$12001 $aBrill's Indological library$fEdited by Johannes Bronkhorst$1210 $aLeiden$cBrill.$v39 606 $aKARTTIKEIA (divinità indu)$xCulto$x India Settentrionale$xStoria$3UONC095512$2FI 606 $aINDUISMO$xIndia settentrionale$3UONC095513$2FI 620 $aNL$dLeiden$3UONL003056 676 $a294.5$cINDUISMO$v21 700 1$aMANN$bRichard D.$3UONV228032$0766247 712 $aBrill$3UONV245886$4650 801 $aIT$bSOL$c20240220$gRICA 899 $aSIBA - SISTEMA BIBLIOTECARIO DI ATENEO$2UONSI 912 $aUON00496810 950 $aSIBA - SISTEMA BIBLIOTECARIO DI ATENEO$dSI SI SHIVA 049 $eSI 30959 7 049 996 $aRise of Mahasena$91558665 997 $aUNIOR 998 $a1